| 000 | 00791nam a2200229 a 4500 | ||
|---|---|---|---|
| 005 | 20230524064016.0 | ||
| 008 | 180917s2018 mx r 000 0 spa d | ||
| 020 | _a9786071732583 | ||
| 035 | _aUPN01000226672 | ||
| 049 | _aI | ||
| 050 | 4 |
_aQA5 _bP3.2 |
|
| 100 | 1 |
_aPatilla, Peter _942318 |
|
| 245 | 1 | 0 |
_aDiccionario de matemáticas ilustrado : _bnivel primaria / _cPeter Patilla ; tr. Virginia de Montanaro Hoyo. |
| 260 |
_aMéxico : _bTrillas, _c2018. |
||
| 300 |
_a128 p. : _bil. col., figs. |
||
| 534 |
_pTítulo original : _tOxfor primary illustrate maths dictionary |
||
| 650 | 4 |
_aMATEMATICAS - _vDICCIONARIOS _924865 |
|
| 650 | 4 |
_aMatemáticas _xEstudio y enseñanza (Elemental) _92809 |
|
| 650 | 7 |
_aLibros ilustrados para niños _2 _921365 |
|
| 905 | _aInfantil | ||
| 999 |
_c198768 _d198768 |
||